Where is first rung of the housing ladder? (Record no. 107478)
[ view plain ]
| 000 -LEADER | |
|---|---|
| fixed length control field | 01429cad a22002175a 4500 |
| 001 - CONTROL NUMBER | |
| control field | L140304 |
| 008 - FIXED-LENGTH DATA ELEMENTS--GENERAL INFORMATION | |
| fixed length control field | 070917e20070806xxkd f s 000 0 eng d |
| 035 ## - SYSTEM CONTROL NUMBER | |
| System control number | (Sirsi) u140304 |
| 041 0# - LANGUAGE CODE | |
| Language code of text/sound track or separate title | eng |
| 050 04 - LIBRARY OF CONGRESS CALL NUMBER | |
| Classification number | 333.33 $2 18 |
| 110 2# - MAIN ENTRY--CORPORATE NAME | |
| Corporate name or jurisdiction name as entry element | Hometrack |
| 9 (RLIN) | 4704 |
| 245 00 - TITLE STATEMENT | |
| Title | Where is first rung of the housing ladder? |
| Remainder of title | challenges and risks of a longstanding imbalance of supply |
| Medium | [electronic resource] |
| 260 ## - PUBLICATION, DISTRIBUTION, ETC. | |
| Place of publication, distribution, etc. | London |
| Name of publisher, distributor, etc. | Hometrack |
| Date of publication, distribution, etc. | 2007 |
| 490 #0 - SERIES STATEMENT | |
| Series statement | Housing Intelligence |
| Volume/sequential designation | (8) June 2007 |
| 520 ## - SUMMARY, ETC. | |
| Summary, etc. | Examines the notion of the first rung of the housing ladder, and attempts to identify the stock represented by it. On the basis that this first rung consists overwhelmingly of one-bedroom properties, the report concludes that there are only 800 000 properties within this sector. Family sized homes dominate the nation?s housing stock. This results in distorted prices, with one- and two-bedroom prices compressed closely to those of larger homes. Increased supply aimed at improving affordability should be targeted at key market pinch points. Warns that encouraging greater owner occupation of smaller homes may not be the solution. |
| 590 ## - LOCAL NOTE (RLIN) | |
| Local note | KA |
| 651 #4 - SUBJECT ADDED ENTRY--GEOGRAPHIC NAME | |
| Geographic name | United Kingdom |
| Chronological subdivision | |
| 690 ## - LOCAL SUBJECT ADDED ENTRY--TOPICAL TERM (OCLC, RLIN) | |
| Topical term or geographic name as entry element | PROPERTY-RESIDENTIAL PROPERTY |
| 856 40 - ELECTRONIC LOCATION AND ACCESS | |
| Uniform Resource Identifier | <a href="https://www.hometrack.co.uk/documents/Publications/HI%20May%202007%20First%20rung%20of%20the%20housing%20ladder.pdf">https://www.hometrack.co.uk/documents/Publications/HI%20May%202007%20First%20rung%20of%20the%20housing%20ladder.pdf</a> |
| Public note | View the item free of charge at www.hometrack.co.uk |
| 942 ## - ADDED ENTRY ELEMENTS (KOHA) | |
| Suppress in OPAC | 0 |
| Withdrawn status | Lost status | Source of classification or shelving scheme | Damaged status | Not for loan | Home library | Current library | Shelving location | Date acquired | Total Checkouts | Full call number | Barcode | Date last seen | Copy number | Price effective from | Koha item type |
|---|---|---|---|---|---|---|---|---|---|---|---|---|---|---|---|
| Dewey Decimal Classification | Virtual | Virtual | Online | 17/09/2007 | ONLINE PUBLICATION | 140304-1001 | 06/08/2019 | 1 | 06/08/2019 | Book |